Embracing the Household of God; A Paradigm Shift from Anthropocentric Tradition ... (Record no. 20921)

MARC details
000 -LEADER
fixed length control field 00353nam a22001337a 4500
022 ## -
-- 1682-6086
082 ## - DEWEY DECIMAL CLASSIFICATION NUMBER
Classification number 230 POH
100 ## - MAIN ENTRY--AUTHOR NAME
Author name Ho, Huang Po
245 ## - TITLE STATEMENT
Title Embracing the Household of God; A Paradigm Shift from Anthropocentric Tradition ...
260 ## - PUBLICATION, DISTRIBUTION, ETC. (IMPRINT)
Place of publication Taiwan/West Bengal
Name of publisher PTCA/SCEPTRE
Year of publication 2014
300 ## - PHYSICAL DESCRIPTION
Number of Pages 181
650 ## - SUBJECT ADDED ENTRY--TOPICAL TERM
Topical Term Theology
942 ## - ADDED ENTRY ELEMENTS (KOHA)
Koha item type Books
Holdings
Home library Current library Shelving location Date acquired Source of acquisition Full call number Accession Number Koha item type
Henry Martyn Institute Library Henry Martyn Institute Library General stacks 11/10/2014 Director 230 POH 11002777 Books
                   Copyright © 2026 | Henry Martyn Institute | Hyderabad | TS-500052 | INDIA | Implemented by hmi.edu.in
Hit-Count:

Powered by Koha